| 000 | 00647nam a2200217 a 4500 | ||
|---|---|---|---|
| 005 | 20240925064810.0 | ||
| 008 | 991125s1979 mx 000 0 spa u | ||
| 020 | _a9682304636 | ||
| 035 | _aUPN01000030308 | ||
| 049 | _aCG | ||
| 050 | 4 |
_aHG229 _bB3.3 |
|
| 100 | 1 |
_aBarkin, David _935464 |
|
| 245 | 1 | 0 |
_aInflación y democracia : _bel caso de México / _cpor David Barkin y Gustavo Esteva. |
| 260 |
_aMéxico : _bSiglo XXI, _c1979. |
||
| 300 | _a167 p. | ||
| 440 | 0 | _aEconomía y demografía | |
| 650 | 4 |
_aINFLACION (FINANZAS) - _zMEXICO _925681 |
|
| 650 | 2 |
_aPolítica económica _91147 |
|
| 700 | 1 |
_aEsteva, Gustavo, _ecoaut. |
|
| 905 | _aLibro | ||
| 999 |
_c30308 _d30308 |
||